000 01139cam a2200313 a 4500
008
020 _a0070089418 (hbk.)
049 _aMAIN
090 _aQC31
_bBUE
100 _aFrederick J Bueche.
245 0 0 _aCollege physics : based on Schaum's Outline of college physics by Frederick J. Bueche [and] Eugene Hecht /
_cabridgement editor, George J. Hademenos.
246 1 4 _aCollege physics.
250 _a9th ed.
260 _aNew York :
_bMcGraw-Hill,
_cc1997.
300 _ax, 417 p. :
_bill. ;
_c28 cm.
440 _aSchaum's easy outlines.
440 _aSchaum's outline series.
500 _aIncludes index.
650 0 _aPhysics
_vOutlines, syllabi, etc.
650 0 _aPhysics
_vProblems, exercises, etc.
700 1 2 _aBueche, F.
_q(Frederick),
_d1923-
_tSchaum's outline of theory and problems of college physics.
700 1 2 _aHecht, Eugene.
_tSchaum's outline of theory and problems of college physics.
700 1 _aHademenos, George J.
907 _a.b10359862
_b03-09-15
_c28-08-15
003
005 20230123122145.0
040 _cNUST
942 _cBOOKS
_kQC31
_mBUE
999 _c128793
_d128793